Slovenská ľudová výšivka : Inšpirácie /

Gespeichert in:
Bibliographische Detailangaben
1. Verfasser: Némethová, Diana (Verfasst von)
Weitere Verfasser: Šošková, Nina (Illustrationen)
Format: Buch
Sprache:Slowakisch
Veröffentlicht: Bratislava : Ústredie ľudovej umeleckej výroby, 2017
Ausgabe:1. vydanie
Schriftenreihe:Inšpirácie
Schlagworte:
Tags: Tag hinzufügen
Keine Tags, Fügen Sie das erste Tag hinzu!

MARC

LEADER 00000nam a22000003a 4500
001 0080668
003 SK-STU
005 20201203125342.6
007 ta
008 200305s ----xo-----e------000-0-----d
020 |a 978-80-89639-40-3 
040 |a STU  |b slo 
041 0 |a slo 
044 |a xo 
100 1 |a Némethová, Diana  |4 aut 
245 1 0 |a Slovenská ľudová výšivka :  |b Inšpirácie /  |c aut. Diana Némethová ; ilustr. Nina Šošková 
250 |a 1. vydanie 
260 |a Bratislava :  |b Ústredie ľudovej umeleckej výroby,  |c 2017 
300 |a 113 s. 
490 0 |a Inšpirácie 
650 0 7 |a umenie ľudové 
650 0 7 |a ľudová kultúra 
650 0 7 |a ľudový odev 
650 0 7 |a tkaniny 
650 0 7 |a ornament 
700 1 |a Šošková, Nina  |4 ill 
996 |b 284AU08332  |c A* 11594/U  |l AA5150  |s P  |a 0  |w 0080668_0001